LIBRARY & INFORMATION CENTRE, KCAET, TAVANUR

ONLINE PUBLIC ACCESS CATALOGUE (OPAC)

Pest and cpm : Principles and applications / (Record no. 1533)

MARC details
000 -LEADER
fixed length control field 00562cam a2200217ua 4500
041 ## - LANGUAGE CODE
Language code of text/sound track or separate title eng
082 ## - DEWEY DECIMAL CLASSIFICATION NUMBER
Classification number 658.4032
Item number SRI/PE
100 ## - MAIN ENTRY--AUTHOR NAME
Personal name Srinath, L S .
245 ## - TITLE STATEMENT
Title Pest and cpm : Principles and applications /
250 ## - EDITION STATEMENT
Edition statement 3 /
260 ## - PUBLICATION, DISTRIBUTION, ETC. (IMPRINT)
Place of publication New Delhi :
Name of publisher Affiliated East West Press Pvt Ltd ,
Year of publication 1994.
300 ## - PHYSICAL DESCRIPTION
Number of Pages 202 ; .
942 ## - ADDED ENTRY ELEMENTS (KOHA)
Koha item type Books
Holdings
Withdrawn status Lost status Damaged status Home library Current library Date acquired Full call number Accession Number Koha item type
      KAUAET KAUAET 07/04/2012 658.4032 SRI/PE 18816 Books
      KAUAET KAUAET 07/04/2012 658.4032 18814 Books
      KAUAET KAUAET 07/04/2012 658.4032 18813 Books
      KAUAET KAUAET 07/04/2012 658.4032 18815 Books
free website counter